000 01282nam a2200301 i 4500
001 bg
100 1 _aADAMCZYK, Jan Leszek
_d(1951- )
245 1 0 _aFortyfikacje stałe na polskim przedmurzu od połowy XV do końca XVII wieku /
_cJan Leszek Adamczyk.
260 _aKielce :
_bPŚ,
_c2004.
300 _a249 s., [1] k. tabl. złoż. :
_bfaks., fot., mapy, pl. ;
_c30 cm.
490 1 _aMonografie, Studia, Rozprawy / [Politechnika Świętokrzyska] ;
_v48
500 _aNa s. red. i s. 4 okł. błędny i zbędny ISSN. - Streszcz. ang.
504 _aBibliogr. s. 241-246 i bibliogr. przy hasłach.
650 9 _aArchitektura obronna polska
_xhistoria
_y15-17 w.
650 9 _aFortyfikacje
_zPolska
_y15-17 w.
651 9 _aBracław (Ukraina ; okręg)
_xbudownictwo
_y15-17 w.
651 9 _aKijów (Ukraina ; okręg)
_xbudownictwo
_y15-17 w.
651 9 _aKresy wschodnie Rzeczypospolitej
_xbudownictwo
_y15-17 w.
651 9 _aPodole (Ukraina)
_xbudownictwo
_y15-17 w.
651 9 _aRuś Czerwona
_xbudownictwo
_y15-17 w.
830 0 _aMonografie, Studia, Rozprawy ([Politechnika Świętokrzyska]) ;
_v48
015 _aPB 3046/2005
040 _cBPK
041 0 _apol
_beng
080 _a728.81:623.1/.3](438)"14/16"
942 _cKS
008 s pl f |000 0 pol
999 _c45869
_d45869
856 _uhttp://koha.tu.koszalin.pl/cgi-bin/koha/opac-detail.pl?biblionumber=45869
_yKatalog online BPK